Balancing human rights, environmental protection and international trade : (Record no. 21284)
[ view plain ]
| 000 -LEADER | |
|---|---|
| fixed length control field | 01760cam a22003375a 4500 |
| 001 - CONTROL NUMBER | |
| control field | 18571762 |
| 005 - DATE AND TIME OF LATEST TRANSACTION | |
| control field | 20160302121257.0 |
| 008 - FIXED-LENGTH DATA ELEMENTS--GENERAL INFORMATION | |
| fixed length control field | 150410t2015 enk frb 001 0 eng d |
| 010 ## - LIBRARY OF CONGRESS CONTROL NUMBER | |
| LC control number | 2015372207 |
| 020 ## - INTERNATIONAL STANDARD BOOK NUMBER | |
| International Standard Book Number | 9781841138268 (hardback) |
| 035 ## - SYSTEM CONTROL NUMBER | |
| System control number | (OCoLC)ocn901987238 |
| 040 ## - CATALOGING SOURCE | |
| Original cataloging agency | YDXCP |
| Language of cataloging | eng |
| Transcribing agency | YDXCP |
| Modifying agency | ZWZ |
| -- | GWL |
| -- | NLGGC |
| -- | DLC |
| -- | EG-ScBUE |
| 043 ## - GEOGRAPHIC AREA CODE | |
| Geographic area code | e------ |
| 082 04 - DEWEY DECIMAL CLASSIFICATION NUMBER | |
| Classification number | 343.4087 |
| Item number | REI |
| Edition number | 22 |
| 100 1# - MAIN ENTRY--PERSONAL NAME | |
| Personal name | Reid, Emily |
| Fuller form of name | (Emily Sarah) |
| 9 (RLIN) | 39468 |
| 245 10 - TITLE STATEMENT | |
| Title | Balancing human rights, environmental protection and international trade : |
| Remainder of title | lessons from the EU experience / |
| Statement of responsibility, etc | Emily Reid. |
| 260 ## - PUBLICATION, DISTRIBUTION, ETC. (IMPRINT) | |
| Place of publication, distribution, etc | Oxford : |
| Name of publisher, distributor, etc | Hart Publishing, |
| Date of publication, distribution, etc | c.2015. |
| 300 ## - PHYSICAL DESCRIPTION | |
| Extent | xl, 324 p. ; |
| Dimensions | 24 cm. |
| 490 0# - Series Statement | |
| Series statement | Studies in international trade law ; |
| Volume/sequential designation | v. 16 |
| 500 ## - GENERAL NOTE | |
| General note | Index : p. [314]-324. |
| 504 ## - BIBLIOGRAPHY, ETC. NOTE | |
| Bibliography, etc | Includes bibliographical references. |
| 505 0# - FORMATTED CONTENTS NOTE | |
| Formatted contents note | The emergence of human rights and environmental protection in the EU -- The standing of human rights and environmental protection in the EU legal order -- The EU's relations with third states -- Human rights and environmental protection in the EU's relations with third states -- The international context : the WTO legal order -- Trade and environment in the WTO legal order -- Human rights protection and WTO law -- Effecting the reconciliation of competing interests : reconceptualising the legal framework. |
| 650 #0 - SUBJECT ADDED ENTRY--TOPICAL TERM | |
| Topical term or geographic name as entry element | Trade regulation |
| Geographic subdivision | European Union countries. |
| Source of heading or term | BUEsh |
| 9 (RLIN) | 36723 |
| 650 #0 - SUBJECT ADDED ENTRY--TOPICAL TERM | |
| Topical term or geographic name as entry element | Foreign trade regulation |
| Geographic subdivision | European Union countries. |
| Source of heading or term | BUEsh |
| 9 (RLIN) | 36723 |
| 650 #0 - SUBJECT ADDED ENTRY--TOPICAL TERM | |
| Topical term or geographic name as entry element | International trade |
| General subdivision | Environmental aspects. |
| Source of heading or term | BUEsh |
| 650 #0 - SUBJECT ADDED ENTRY--TOPICAL TERM | |
| Topical term or geographic name as entry element | International trade |
| General subdivision | Social aspects. |
| Source of heading or term | BUEsh |
| 650 #0 - SUBJECT ADDED ENTRY--TOPICAL TERM | |
| Topical term or geographic name as entry element | Human rights |
| General subdivision | Economic aspects. |
| Source of heading or term | BUEsh |
| 651 ## - SUBJECT ADDED ENTRY--GEOGRAPHIC NAME | |
| Source of heading or term | BUEsh |
| 653 ## - INDEX TERM--UNCONTROLLED | |
| Resource For college | Law |
| Arrived date list | February2016 |
| 942 ## - ADDED ENTRY ELEMENTS (KOHA) | |
| Source of classification or shelving scheme | Dewey Decimal Classification |
| Withdrawn status | Item status | Source of classification or shelving scheme | Damaged status | Not for loan | Vendor | Home library | Current library | Shelving location | Date acquired | Source of acquisition | Cost, normal purchase price | Serial Enumeration / chronology | Total Checkouts | Full call number | Barcode | Date last seen | Cost, replacement price | Koha item type |
|---|---|---|---|---|---|---|---|---|---|---|---|---|---|---|---|---|---|---|
| Dewey Decimal Classification | MERIC | Central Library | Central Library | First floor | 29/02/2016 | Purchase | 617.00 | 16597 | 343.4087 REI | 000031761 | 15/07/2025 | 771.00 | Book - Borrowing |